Les noves polítiques públiques de defensa dels consumidors
Descripción Física:
1 tríptic ; 21 cm
MARC
| LEADER | 00000nam a2200000Ia 4500 | ||
|---|---|---|---|
| 001 | 24521 | ||
| 008 | 160829s2004 xx 000 0 cat d | ||
| 080 | |a FU-67-17 | ||
| 100 | |a Trobada de Serveis municipals de consum (9es : 2004 : Sitges) |9 50079 | ||
| 245 | |a Les noves polítiques públiques de defensa dels consumidors | ||
| 260 | |a Barcelona : |b Diputació de Barcelona. Àrea de Salut Pública i Consum, |c 2004 | ||
| 300 | |a 1 tríptic ; |c 21 cm | ||
| 590 | |a Inclou el programa d'activitats i la butlleta d'inscripció. | ||
| 590 | |a Col·labora l'Ajuntament de Sitges | ||
| 650 | 0 | |a Consumidors |x Protecció |x |z Barcelona (Catalunya : Província) |9 50383 | |
| 650 | 0 | |a Serveis municipals |x Barcelona (Catalunya : Província) |9 30634 | |
| 710 | |a Barcelona (Catalunya : Província). |b Àrea de Salut Pública i Consum |9 7348 | ||
| 710 | 1 | |a Sitges (Catalunya). |b Ajuntament |9 52795 | |
| 901 | |a Arxiu | ||
| 942 | |n 1 | ||
| 952 | |0 0 |1 0 |4 0 |6 FU6717 |7 1 |9 55770 |a Arxiu |b Arxiu |d 2016-12-01 |l 0 |o FU-67-17 |p 24521 |r 2016-12-01 00:00:00 |w 2016-12-01 |y ARXIU | ||
| 999 | |c 59643 |d 59643 | ||